Statistics for Tile Select- Austria and Switzerland

Click here to take the quiz!

General Stats

  • This quiz has been taken 23 times
  • The average score is 47 of 64

Answer Stats

QuestionTileSelect% Correct
Austrian CitiesBaselNo
100%
Austrian CitiesLausanneNo
100%
Austrian CitiesLucerneNo
100%
Austrian CitiesSalzburgYes
100%
Austrian CitiesViennaYes
100%
Austrian CitiesWinterthurNo
100%
Austrian CitiesZurichNo
100%
People born in AustriaAdolf HitlerYes
95%
People born in AustriaHelmut KohlNo
95%
Austrian CitiesInnsbruckYes
95%
Swiss SportspersonsMario GomezNo
95%
Swiss SportspersonsNadia ComaneciNo
95%
People born in AustriaOtto HahnNo
95%
Swiss SportspersonsRobert LewandowskiNo
95%
Austrian CitiesSt. GallenNo
95%
Swiss CantonsStyriaNo
95%
Swiss CantonsVorarlbergNo
95%
Swiss CantonsCarinthiaNo
91%
Austrian CitiesFreiburg im BreisgauNo
91%
Austrian CitiesLinzYes
91%
People born in AustriaMax PlanckNo
91%
Swiss CantonsBasel- StadtYes
86%
Swiss CantonsBurgenlandNo
86%
Austrian CitiesGrazYes
86%
Austrian CitiesMannheimNo
86%
Swiss SportspersonsThomas MullerNo
86%
People born in AustriaWerner HeisenbergNo
86%
People born in AustriaAlbert EinsteinNo
82%
People born in AustriaArnold SchwarzeneggerYes
82%
Swiss CantonsNeuchatelYes
82%
Swiss SportspersonsOlga KorbutNo
82%
Swiss SportspersonsRoger FedererYes
82%
Swiss CantonsSt. GallenYes
82%
Swiss CantonsStrasbourgNo
82%
People born in AustriaWolfgang Amadeus MozartYes
82%
Austrian CitiesAugsburgNo
77%
Swiss SportspersonsIngemar StenmarkNo
77%
Austrian CitiesKlagenfurtYes
77%
Swiss SportspersonsMartina NavratilovaNo
77%
Swiss CantonsNassauNo
77%
People born in AustriaSigmund FreudYes
77%
Swiss CantonsTyrolNo
77%
Swiss CantonsValaisYes
77%
People born in AustriaLudwig van BeethovenNo
73%
Swiss CantonsSchaffhausenYes
73%
Swiss SportspersonsSteffi GrafNo
73%
Swiss CantonsVaudYes
73%
Swiss CantonsGlarusYes
64%
Austrian CitiesVillachYes
64%
Swiss CantonsSchwyzYes
59%
People born in AustriaJohann Sebastian BachNo
50%
People born in AustriaGustav KlimtYes
45%
Swiss SportspersonsDidier KucheYes
41%
People born in AustriaErwin SchrodingerYes
41%
Swiss CantonsLausanneNo
41%
Swiss SportspersonsStan WawrinkaYes
41%
Swiss SportspersonsMartina HingisYes
36%
Swiss SportspersonsClay RegazzoniYes
27%
People born in AustriaFritz LangYes
27%
People born in AustriaLudwig BoltzmannYes
27%
Swiss SportspersonsThomas LuthiYes
27%
People born in AustriaLise MeitnerYes
23%
Swiss SportspersonsMarcel FasslerYes
23%
Swiss SportspersonsNico MullerYes
9%

Score Distribution

Percentile by Number Answered

Percent of People with Each Score

Your Score History

You have not taken this quiz